000 00626nam a2200181 a 4500
003 0
005 20250408112028.0
008 071122s19uu xx 00 eng d
050 _aPHS BF 575.A6
_b.G89 2007
100 _aGuzman, Ysmael M.
245 _aTest anxiety level of graduating and non-graduating students /
_cYsmael M. Guzman.
260 _aLas PiƱas City, Philippines :
_bSouthville International School and Colleges,
_c2007.
300 _a20 pages :
_billustrations ;
_c28 cm.
504 _aIncludes bibliographical references.
650 _aTest anxiety.
650 _aAnxiety in adolescence.
942 _2lcc
_cPASS
999 _c97831
_d97831